|
|
|
|
| LEADER |
00000nam a22000007a 4500 |
| 005 |
2019051709179.0 |
| 007 |
cr|||| |||| |
| 008 |
190517s2018 mx |||||s|||| 00||0 spa d |
| 020 |
|
|
|a 978-607-8552-85-6
|
| 035 |
|
|
|a 23046
|
| 040 |
|
|
|a vLex
|
| 090 |
|
|
|c 8758
|d 8758
|
| 100 |
1 |
|
|a Sǹchez Vega, Javier Alejandro
|
| 245 |
1 |
2 |
|a La contabilidad como obligacin̤
|h [Recurso electrn̤ico] :
|b Enfoque contable, mercantil, financiero, jurd̕ico y fiscal /
|c Javier Alejandro Sǹchez Vega
|
| 256 |
|
|
|a Servicio en ln̕ea
|
| 260 |
|
|
|a Ciudad de Mx̌ico:
|b Instituto Mexicano de Contadores Pb︢licos,
|c 2018
|
| 300 |
|
|
|a 1 recurso electrn̤ico
|
| 500 |
|
|
|a La contabilidad, desde su origen, ha sido t︢il a los comerciantes y a diversos usuarios, quienes inicialmente la llevaban de manera voluntaria para registrar sus operaciones y conocer sus resultados. As,̕ en Derecho Mercantil, aparece el denominado “Consulado del Mar”, cuya primera redaccin̤ data del siglo XIII y regulaba la prc̀tica contable con disposiciones especf̕icas sobre los libros de contabilidad. Hoy existen diversas leyes y normatividades que regulan esta materia, tales como: el Cd̤igo Civil, el Cd̤igo de Comercio, la Ley General de Sociedades Mercantiles, el Cd̤igo Fiscal de la Federacin̤ y su Reglamento, la Resolucin̤ Miscelǹea Fiscal, las Normas de Informacin̤ Financiera, Normas Internacionales de Informacin̤ Financiera, entre otras disposiciones legales. La contabilidad como obligacin̤. Enfoque contable, mercantil, financiero, jurd̕ico y fiscal analiza, desde diversas perspectivas, los requisitos y la forma de cumplir con las obligaciones relativas a la contabilidad, como la exhibicin̤ a los accionistas, autoridades fiscales y autoridades jurisdiccionales, y su ofrecimiento ante estas l︢timas como medio de prueba en asuntos controvertidos. Adems̀, por tratarse de una obligacin̤ en diversas materias se analiza su origen y evolucin̤, ya que, actualmente, es un modo de informar a las autoridades fiscales sobre las operaciones que realiza una entidad econm̤ica, la cual puede derivar en la fiscalizacin̤ a los contribuyentes que estǹ obligados a llevarla y enviarla al Servicio de Administracin̤ Tributaria (SAT). Sin duda, es un texto que orientar ̀al lector en este procedimiento.
|
| 506 |
1 |
|
|a Disponible solo en los productos indicados
|d vLex Global
|d vLex Global (Academic Edition, excluding Law Schools)
|d vLex Global (U.S. Academic Edition, Law Schools)
|d vLex Global (U.S. Academic Edition, excluding Law Schools)
|d vLex Global (Academic Edition, Law Schools)
|
| 650 |
0 |
4 |
|a Derecho Mercantil y de la Empresa
|z Mx̌ico
|
| 650 |
0 |
4 |
|a Derecho Fiscal
|z Mx̌ico
|
| 650 |
0 |
4 |
|a Financiero
|z Mx̌ico
|
| 650 |
0 |
4 |
|a Contabilidad
|z Mx̌ico
|
| 740 |
0 |
|
|a vLex Libros (Servicio en ln̕ea)
|
| 856 |
4 |
0 |
|u http://vlex.com/source/contabilidad-como-obligacion-enfoque-contable-mercantil-financiero-juridico-y-fiscal-23046
|z Acceso restringido
|
| 942 |
|
|
|c BOOK
|
| 999 |
0 |
|
|a Business and Company Law
|
| 999 |
0 |
|
|a Tax Law
|
| 999 |
0 |
|
|a Financial
|
| 999 |
0 |
|
|a Accounting
|